1468 1079 1478 1590 1157 1617 1264 1124 1400 1156 1618 1632 1706 1219 1052 1737 1956 1113 1465 1635 1681 1176 1698 1994 1743 1535 1574 1489 1623 1120 1027 1195 1674 1416 1012 1763 1304 1639 1240 1099 1781 1345 1800 1635 1542 1097 1613 1553 1602 1426 1020 1307 1128 1326 1577 1352 1059 1713 1530 1282 1103 1642 1672 1002 1163 1887 1617 1509 1139 1113 1260 1074 1161 1178 1135 1764 1840 1954 1599 1785 1384 1947 1865 1747 1290 1720 1325 1870 1582 1178 1509 1956 1347 1861 1866 1710 1316 1251 1111 BCNSPRNW ULIB Ver.6.0+V

เปลี่ยนเป็นภาษาไทย

Change to English
 แสดงรายละเอียดบรรณานุกรม
  กลับหน้าหลัก

Brief Record : Get Marc (ISO 2709) : E-mail record : QR code < ปิดหน้าต่าง
LEADER : 00000nam 2200000uu 4500
001    13399124986
003     ULIB
008    160527s2550||||th 000 0 tha d
020    ^a9789740907664
060 04 ^aWP630^bย356ก
100 0  ^aยุทธพงศ์ วีระวัฒนตระกูล
245 00 ^aการคุมกำเนิดเพื่อการวางแผนครอบครัว =^bContraception for family planning. /^cยุทธพงศ์ วีระวัฒนตระกูล
246 0  ^aContraception for family planning.
250    ^aพิมพ์ครั้งที่ 1
260    ^aขอนแก่น :^bโรงพิมพ์คลังนานาวิทยา,^c2550
300    ^a458 หน้า :^bภาพประกอบ ;^c26 ซม.
500    ^aสูติศาสตร์
650  0 ^aการวางแผนครอบครัว
650  4 ^aคุมกำเนิด
945    ^p0^l0^i23692
945    ^p0^l0^i23693
945    ^p0^l0^i23694
999    ^aทศพร เกษรทอง
รายการนี้ยังไม่มีแท็ก
คุณยังไม่ได้ล็อกอิน คุณสามารถมีกิจกรรมร่วมกับเว็บไซต์ได้ แต่ต้องล็อกอินก่อน ::
  ล็อกอิน

รายการสื่อสารสนเทศ

ลำดับที่ ประเภท เลขเรียก/บาร์โค้ด สถานที่ สถานะ
1. วิทยาศาสตร์การแพทย์ และสุขภาพ
หนังสือสำรอง
สถานะ=หนังสือสำรอง
WP630 ย356ก ฉ.1 
  Barcode: 23692
ห้องสมุดวิทยาเขตนครสวรรค์
►ส่วนจัดเก็บหนังสือเก่า นว.
บนชั้น
  ขอยืม
2. วิทยาศาสตร์การแพทย์ และสุขภาพ
วิทยาศาสตร์การแพทย์ และสุขภาพ
WP630 ย356ก ฉ.2 
  Barcode: 23693
ห้องสมุดวิทยาเขตนครสวรรค์
►ส่วนจัดเก็บหนังสือเก่า นว.
บนชั้น
  ขอยืม
3. วิทยาศาสตร์การแพทย์ และสุขภาพ
วิทยาศาสตร์การแพทย์ และสุขภาพ
WP630 ย356ก ฉ.3 
  Barcode: 23694
ห้องสมุดวิทยาเขตนครสวรรค์
►ส่วนจัดเก็บหนังสือเก่า นว.
บนชั้น
  ขอยืม

รายการใกล้เคียง
    ผู้แต่ง [ยุทธพงศ์ วีระวัฒนตระกูล]

    หัวเรื่อง [การวางแผนครอบครัว]
    หัวเรื่อง [คุมกำเนิด]

BibComment


ยังไม่เคยถูกคอมเมนท์

คอมเมนท์ทรัพยากรรายการนี้
  คอมเมนท์: การคุมกำเนิดเพื่..


 Copyright 2026. Bcnsprnw @Library